Top 50 des pointeurs repêchés en 7e ronde dans la LNH - Statistiques

Statistiques générales
  • Ce quiz a été pris 6 fois
  • Le résultat moyen est 7 sur 50
Statistiques - réponses
Nationalité et total de points Réponse % Correct
USA, 1068 pts Pavelski
80%
Canada, 1414 pts Gilmour
60%
Canada, 214 pts Demers
40%
USA, 188 pts Dzingel
40%
Finlande, 327 pts Haula
40%
Suède, 543 pts Hornqvist
40%
Rep. Tchèque, 483 pts Palat
40%
Rep. Tchèque, 623 pts Vrbata
40%
Canada, 216 pts Weegar
40%
Suède, 960 pts Zetterberg
40%
USA, 199 pts Braun
20%
Rep. Tchèque, 545 pts Erat
20%
Rep. Tchèque, 176 pts Kubalik
20%
Rep. Tchèque, 703 pts Lang
20%
Canada, 673 pts MacLean
20%
USA, 498 pts Marchant
20%
USA, 178 pts Moss
20%
Slovaquie, 311 pts Nagy
20%
Suède, 190 pts Oduya
20%
Canada, 258 pts Robidas
20%
Canada, 869 pts Ronning
20%
Suède, 293 pts Stralman
20%
Canada, 229 pts York
20%
USA, 245 pts Arnason
0%
Suède, 287 pts Axelsson
0%
Canada, 296 pts Brodziak
0%
Canada, 363 pts Brouwer
0%
Canada, 733 pts Brunette
0%
Canada, 214 pts Bulley
0%
USA, 226 pts Eaves
0%
USA, 231 pts Gaustad
0%
Canada, 304 pts Gould
0%
Canada, 258 pts Jones
0%
Russie, 501 pts Kamensky
0%
Biélorussie, 176 pts Kostitsyn
0%
Rep. Tchèque, 386 pts Kubina
0%
USA, 421 pts Kurvers
0%
Canada, 336 pts Laperriere
0%
Canada, 201 pts Letowski
0%
Canada, 343 pts Lidster
0%
Canada, 262 pts Lombardi
0%
Finlande, 230 pts Miettinen
0%
USA, 622 pts Mullen
0%
Canada, 252 pts Odelein
0%
Suède, 185 pts Olofsson
0%
Suède, 199 pts Pahlsson
0%
Finlande, 432 pts Ruuttu
0%
Canada, 182 pts Stapleton
0%
Canada, 203 pts Todd
0%
Canada, 224 pts Ward
0%
Aucun quiz correspondant
Distribution des résultats
% des personnes avec chaque résultat
Percentile par nombre de réponses
Votre historique - résultats
Vous n’avez pas pris ce quiz